| 000 | 00484pab a2200181 454500 | ||
|---|---|---|---|
| 008 | 180718b2004 xxu||||| |||| 00| 0 eng d | ||
| 100 | _aFornos, Carolina A. | ||
| 245 | _aExplaining voter turnout in Latin America, 1980 to 2000 | ||
| 260 | _c2004 | ||
| 300 | _ap.909-40. | ||
| 362 | _aOct | ||
| 650 | _aElections - Latin America | ||
| 650 | _aElections | ||
| 700 | _aGrand, James C. | ||
| 700 | _aPower, Timothy J. | ||
| 773 | _aComparative Political Studies | ||
| 909 | _a63182 | ||
| 999 |
_c63182 _d63182 |
||